| 000 | nam a22 7a 4500 | ||
|---|---|---|---|
| 999 |
_c330720 _d330720 |
||
| 003 | NUST | ||
| 005 | 20180119162050.0 | ||
| 008 | 170802b xxu||||| |||| 00| 0 eng d | ||
| 040 | _c0 | ||
| 082 | _a379.1222 CSE | ||
| 100 | _4CSEF | ||
| 245 | _aDo Schools get money? 2016 Tracking school council grants | ||
| 260 |
_aPakistan _bPCE _c2016 |
||
| 300 | _a196p | ||
| 942 |
_2ddc _cBK |
||